| 000 | 00494nam a2200193Ia 4500 | ||
|---|---|---|---|
| 003 | GCL | ||
| 008 | 140319s9999 xx 000 0 eng d | ||
| 040 |
_aGCL / _cGCL |
||
| 082 | 0 | 4 |
_a892.76 _bB S |
| 100 | 1 | _aBENNETT, SOPHIE | |
| 245 | 1 | 0 |
_aTHE STONE OF LAUGHTER / _cBENNETT, SOPHIE |
| 700 | 1 | _aBARAKAT, HODA | |
| 260 |
_a[S.N] : _bGARNET PUBLISHINGG LIMITED ، _c1994 |
||
| 300 | _a232 P | ||
| 650 | 0 | 4 | _aLITERATURE |
| 650 | 0 | 4 | _aARABIC LITERATURE |
| 650 | 0 | 4 | _aFICTION |
| 942 |
_2ddc _cBK |
||
| 999 |
_c24686 _d24686 |
||